| 000 | 00446nam a22001697a 4500 | ||
|---|---|---|---|
| 003 | MACL | ||
| 005 | 20160116155613.0 | ||
| 008 | 160116b xxu||||| |||| 00| 0 eng d | ||
| 040 | _cMACL | ||
| 041 | _aEnglish | ||
| 082 | _a900/PAU | ||
| 100 |
_aPaul,M.K. _932943 |
||
| 245 | _aLittle Man From The East Marching Through Tumultuous Decades | ||
| 260 |
_aNew Delhi _bHarman Publishing House _c2010 |
||
| 650 |
_aHistory _932944 |
||
| 942 |
_2ddc _cBK |
||
| 999 |
_c52667 _d52667 |
||